Service charges (Record no. 121462)

MARC details
000 -LEADER
fixed length control field 01804cam a2200361 4500
008 - FIXED-LENGTH DATA ELEMENTS--GENERAL INFORMATION
fixed length control field 230405n2012 000 0 eng u
020 ## - INTERNATIONAL STANDARD BOOK NUMBER
International Standard Book Number 9781846612473
041 0# - LANGUAGE CODE
Language code of text/sound track or separate title eng
050 04 - LIBRARY OF CONGRESS CALL NUMBER
Classification number 346.4104342 $2 18
100 ## - MAIN ENTRY--PERSONAL NAME
Personal name Freedman, Philip
245 ## - TITLE STATEMENT
Title Service charges
Remainder of title law and practice
250 ## - EDITION STATEMENT
Edition statement 5th
260 ## - PUBLICATION, DISTRIBUTION, ETC.
Place of publication, distribution, etc. Bristol
Name of publisher, distributor, etc. Jordans
Date of publication, distribution, etc. 2012
300 ## - PHYSICAL DESCRIPTION
Extent xxxvi, 394p.
Dimensions 25cm.
505 2# - FORMATTED CONTENTS NOTE
Formatted contents note Matters applicable to commercial and residential leases -- Special rules for residential lettings -- Value Added Tax -- Reserve funds and sinking funds -- Service charges: freehold and commonhold properties -- Statutory obligations -- Commercial codes of practice -- Appendices
520 ## - SUMMARY, ETC.
Summary, etc. The fifth edition of this standard guide to the legal framework surrounding service charges. Revised to take into account over 30 new LVT cases, the new RICS Code of Practice for Service Charges in Commercial Property, revised provisions on disability duties following the Equality Act 2010, new material on Energy Efficiency Certificates and green leases.
520 ## - SUMMARY, ETC.
Summary, etc. Supersedes fourth edition (ISBN 9781846610417).
590 ## - LOCAL NOTE (RLIN)
Local note KA
650 24 - SUBJECT ADDED ENTRY--TOPICAL TERM
Topical term or geographic name entry element COMMONHOLD AND LEASEHOLD REFORM ACT 2002
650 24 - SUBJECT ADDED ENTRY--TOPICAL TERM
Topical term or geographic name entry element LANDLORD AND TENANT ACT 1985
650 24 - SUBJECT ADDED ENTRY--TOPICAL TERM
Topical term or geographic name entry element EQUALITY ACT 2010
650 24 - SUBJECT ADDED ENTRY--TOPICAL TERM
Topical term or geographic name entry element LANDLORD AND TENANT ACT 1987
650 24 - SUBJECT ADDED ENTRY--TOPICAL TERM
Topical term or geographic name entry element LEASEHOLD REFORM, HOUSING AND URBAN DEVELOPMENT ACT 1993
650 24 - SUBJECT ADDED ENTRY--TOPICAL TERM
Topical term or geographic name entry element HOUSING ACT 1996
650 24 - SUBJECT ADDED ENTRY--TOPICAL TERM
Topical term or geographic name entry element VALUE ADDED TAX
650 24 - SUBJECT ADDED ENTRY--TOPICAL TERM
Topical term or geographic name entry element RICS CODE OF PRACTICE: SERVICE CHARGES IN COMMERCIAL PROPERTY
651 #4 - SUBJECT ADDED ENTRY--GEOGRAPHIC NAME
Geographic name England and Wales
690 ## - LOCAL SUBJECT ADDED ENTRY--TOPICAL TERM (OCLC, RLIN)
Topical term or geographic name as entry element PROPERTY-LANDLORD AND TENANT-SERVICE CHARGES
690 ## - LOCAL SUBJECT ADDED ENTRY--TOPICAL TERM (OCLC, RLIN)
Topical term or geographic name as entry element PROPERTY-COMMERCIAL PROPERTY-COMMERCIAL LANDLORD AND TENANT-COMMERCIAL SERVICE CHARGES
700 1# - ADDED ENTRY--PERSONAL NAME
Personal name Shapiro, Eric
700 1# - ADDED ENTRY--PERSONAL NAME
Personal name Slater, Brian
942 ## - ADDED ENTRY ELEMENTS (KOHA)
Suppress in OPAC 0
Source of classification or shelving scheme Dewey Decimal Classification
Holdings
Withdrawn status Lost status Source of classification or shelving scheme Damaged status Not for loan Home library Current library Shelving location Date acquired Total Checkouts Full call number Date last seen Price effective from Koha item type
    Dewey Decimal Classification     London London Books 05/04/2023   346.4104342 05/04/2023 05/04/2023 Book